| 000 | 00744nam a2200217 a 4500 | ||
|---|---|---|---|
| 001 | 1924 | ||
| 003 | CDMR | ||
| 005 | 20131128111804.0 | ||
| 008 | 130130s1990||||||||||||||||||||||||||||d | ||
| 020 | _a8439313098 | ||
| 040 |
_aCDMR _bcat _cCDMR |
||
| 100 | 1 |
_9417 _aGuillamet, Jaume |
|
| 245 | 1 | 3 |
_aLa circulació de la premsa Catalunya-Espanya _b: difusió interterritorial _cJaume Guillamet |
| 260 |
_aBarcelona _c1990 _bGeneralitat de Catalunya. Centre d'Investigació de la Comunicació |
||
| 300 | _a107 p. | ||
| 490 | 0 |
_aInformes (Centre d'Investigació de la Comunicació) _v3 |
|
| 650 | 0 | 4 |
_93846 _aDiaris _xCirculació |
| 650 | 0 | 4 |
_93845 _aRevistes _xCirculació |
| 710 | 1 |
_9304 _aCentre d'Investigació de la Comunicació |
|
| 942 |
_cMON _2udc |
||
| 999 |
_c1924 _d1924 |
||